000 00538cam a22002171 4500
001 sa 65009651
003 DLC
005 20260227112203.0
008 891016s1965 ii af 000 0 hino
010 _asa 65009651
035 _a(OCoLC)20497947
040 _aDLC
_cWaU
_dDLC
042 _apremarc
050 0 0 _aQB44
_b.S215
100 0 _aSampūrṇānanda,
_d1891-1969.
245 1 0 _aGraha-nakshatra.
260 _c[1965]
300 _a8, 35 p.
_billus., plates (pat. col.)
_c23 cm.
500 _aIn Hindi.
650 0 _aAstronomy.
999 _c66331
_d66331